• 首页
  • 本馆介绍
  • 公告通知
  • 最新文献
  • 馆藏检索
  • 电子资源
  • 读者导购
  • 参考咨询
  • 我的图书馆
  • 登录
  • 详细信息显示
  • 放入我的书架
  • 预约/预借图书
  • 作者相关作品
  • 分类相关作品
  • 丛书相关作品
  • 出版社相关作品

书目信息

  • 表格格式
  • 工作单格式
  • 卡片格式
题名:
1997中国科学技术前沿
    
 
作者: 朱光亚 主编
分册:  
出版信息: 上海   上海教育出版社  1998.06
页数: 670页
开本: 20cm
丛书名:
单 册:
中图分类: N19
科图分类:
主题词: 自然科学--创造发明 , 自然科学--先进经验
电子资源:
ISBN: 7-5320-5468-3
000 00705nam0 2200217 45
001 0110301429
005 20041224100015.4
010    @a7-5320-5468-3@b精装@dCNY40.00
100    @a20011030d1998 km y0chiy0120 ea
101 0  @achi
105    @aa z 000yy
200 1  @a1997中国科学技术前沿@A1997 Zhong Guo Ke Xue Ji Shu Qian Yan@e中国工程院版@EZhong Guo Gong Cheng Yuan Ban@f朱光亚主编@FZhu Guang Ya Zhu Bian
210    @a上海@c上海教育出版社@d1998.06
215    @a670页@c彩图@d20cm
517    @a中国工程院版@AZhong Guo Gong Cheng Yuan Ban
606 0  @a自然科学@x创造发明
606 0  @a自然科学@x先进经验
690    @aN19@v画
701    @a朱光亚@4主编
801    @aCN@bTSTC@c20011030
905    @dN19@e51
    
    1997中国科学技术前沿:中国工程院版/朱光亚主编.-上海:上海教育出版社,1998.06
    670页:彩图;20cm
    
    
    ISBN 7-5320-5468-3(精装):CNY40.00
    
●
相关链接 在E读中查询图书 在五车中查询图书 在当当中查询图书 在豆瓣中查询图书


正题名:1997中国科学技术前沿     索取号:N19/51         预约/预借

序号 登录号 条形码 馆藏地/架位号 状态 备注
1 0300011   203000117   第三借阅区/ [索取号:N19/51] 在馆    
2 0300012   203000126   第三借阅区/ [索取号:N19/51] 在馆    
3 0300013   203000135   第三借阅区/ [索取号:N19/51] 在馆    
4 0300014   203000144   第三借阅区/ [索取号:N19/51] 在馆    
5 0300015   203000153   第二样本阅览室/ [索取号:N19/51] 在馆    
唐山师范学院图书馆 欢迎您!
大连网信软件有限公司© 版权所有